Eye - tracking technology applications in educational research
Guardat en:
| Autors principals: | , , |
|---|---|
| Format: | Llibre |
| Idioma: | anglès |
| Publicat: |
Hershey
Igi Global
2017
|
| Edició: | 1a. ed |
| Col·lecció: | Advances in Business Information Systems and Analytics Books Series
|
| Matèries: | |
| Etiquetes: |
Afegir etiqueta
Sense etiquetes, Sigues el primer a etiquetar aquest registre!
|
MARC
| LEADER | 00000cam a2200000 a 4500 | ||
|---|---|---|---|
| 001 | UCC0345 | ||
| 003 | CL-VaPUC | ||
| 008 | 170804e20170000us |||||||||||||||||eng|d | ||
| 020 | |a 9781522510055 | ||
| 082 | 0 | 4 | |a 370.3 |b WAS |2 21 |
| 100 | 0 | |a Was, Christopher |e author |9 594265 | |
| 700 | 0 | |a Sansosti, Frank |e author |9 594266 | |
| 700 | 0 | |a Morris, Bradley |e author |9 594267 | |
| 245 | 1 | 0 | |a Eye - tracking technology applications in educational research |
| 250 | |a 1a. ed | ||
| 300 | |a 369 p | ||
| 942 | |c BK | ||
| 945 | |d 20170804 10:39:00 |a arojas | ||
| 260 | |a Hershey |b Igi Global |c 2017 | ||
| 650 | 0 | |a Tecnología educacional |9 307265 | |
| 650 | 7 | |a INNOVACIONES TECNOLOGICAS |2 CL-VaPUC |9 594268 | |
| 650 | 0 | |a Investigación educacional |9 261192 | |
| 583 | |a last modification |c 20170804 10:39:00 |k Rodrigo Vera | ||
| 490 | 0 | |a Advances in Business Information Systems and Analytics Books Series | |
| 999 | |c 369201 |d 369199 | ||
| 952 | |0 0 |1 0 |3 erd |4 0 |6 370_300000000000000_WAS_2017 |7 0 |8 A |9 484796 |a FDOPOS |b FDOPOS |i 5412846 |o 370.3 WAS 2017 |p 5412846 |r 2025-01-22 |w 2019-11-24 |y BK |z Catalogado en:20170804 |k DLA | ||